| 000 | 00000nam##2200000za#4500 |
| 001 | 9.690690 |
| 003 | CaOODSP |
| 005 | 20230117131522 |
| 007 | cr ||||||||||| |
| 008 | 150407|2006||||xxc|||||o f|0| 0 eng|d |
| 040 | |aCaOODSP|beng |
| 043 | |an-cn--- |
| 086 | 1 |aJL2-67/2006E-PDF |
| 110 | 2 |aLaw Commission of Canada. |
| 245 | 10|aGlobal reach, local grasp - constructing extraterritorial jurisdiction in the age of globalization / |h[electronic resource]|cby Steve Coughlan ... [et al.] |
| 260 | |aOttawa - Ontario : |bLaw Commission of Canada |c2006. |
| 300 | |a91p.|btables |
| 504 | |aBibliography. |
| 590 | |a08-02-Supp|b2008-04-07 |
| 690 | 07|aGlobalization|2gcpds |
| 720 | 1 |aCoughlan, Steve |
| 775 | 08|tPortée mondiale et emprise locale - l'interprétation de la compétence extraterritoriale à l'ère de la mondialisation / |w(CaOODSP)9.635041 |
| 856 | 40|ahttp://publications.gc.ca|qPDF|s250 KB|uhttps://publications.gc.ca/collections/collection_2008/lcc-cdc/JL2-67-2006E.pdf |